| 000 | 01424nam0a22002891 4500 | ||
|---|---|---|---|
| 001 | rc\1055799 | ||
| 005 | 20250622093709.0 | ||
| 035 | _a(NLR Aleph) 006216815 | ||
| 090 |
_a6426887 _c6426887 |
||
| 100 | _a20041129d1980 |||y0rusy50 ca | ||
| 101 | 0 | _arus | |
| 102 | _aRU | ||
| 105 | _ay ||||||||| | ||
| 200 | 1 |
_aЭлектрофизические методы новой технологии _eБиблиогр. указ. отчетов о НИР, пояснит. зап. к ОКР, дис. и информ. карт, поступивших во ВНТИЦентр в 1973-1979 гг. _fСост. к. ф.-м. н. Афанасьев А.А., Деминова О.В. |
|
| 210 |
_aМ. _cВНТИЦентр _d1980 |
||
| 215 |
_a117 с. _d21 |
||
| 225 | 1 |
_aБиблиографические указатели _fГос. ком. СССР по науке и технике, ВНТИЦентр _iЭнергетика: проблемы и перспективы _vВып. 7 |
|
| 300 | _aНа обл. сост. не указаны | ||
| 333 | _aДСП. Экз. № 5 | ||
| 700 | 1 |
_7ca _8rus _aАфанасьев _bА.А. _cканд. физ.-мат. наук, энергетика _gАнатолий Александрович _9223825 _3RU\NLR\AUTH\770223881 |
|
| 701 | 1 |
_aДеминова _bО.В. |
|
| 801 | 0 |
_aRU _bNLR _gpsbo |
|
| 801 | 1 |
_aRU _bELAR _2rusmarc |
|
| 852 |
_aNLR _j79-50К/354 |
||
| 942 | _cBOOK | ||
| 980 | _aNB | ||